[Event "Gibtelecom Festival 2010 - Masters"]
[Site "Gibraltar ENG"]
[Date "2010.01.30"]
[Round "5.36"]
[White "Houska, Jovanka"]
[Black "Havik, Victor"]
[Result "1-0"]
[WhiteElo "2401"]
[BlackElo "2093"]
[PlyCount "61"]
[EventDate "2010.01.26"]
[EventType "swiss"]
[EventRounds "10"]
[EventCountry "ENG"]
[Source "lmi"]
[SourceDate "2010.01.26"]

1. d4 Nf6 2. Nf3 e6 3. c4 c5 4. e3 b6 5. Nc3 Be7 6. Be2 d6 7. b3 O-O 8. O-O
Nbd7 9. Bb2 Bb7 10. d5 e5 11. Qc2 Ne8 12. e4 g6 13. a4 a5 14. Ne1 Ng7 15. Nd3
f5 16. f4 Bf6 17. Rae1 exf4 18. Nxf4 Bd4+ 19. Kh1 Qh4 20. Nb5 Bxb2 21. Qxb2 Rf6
22. Nxd6 fxe4 23. g3 Qh6 24. Nxb7 Nf5 25. Qc3 Rb8 26. Ne6 e3 27. Rf3 Rxb7 28.
g4 Nd4 29. g5 Nxe2 30. Qxf6 Nxf6 31. gxh6 1-0

[Event "Gibtelecom Festival 2010 - Masters"]
[Site "Gibraltar ENG"]
[Date "2010.01.30"]
[Round "5.37"]
[White "Benitah, Yohan"]
[Black "Valgmae, Toomas"]
[Result "1-0"]
[WhiteElo "2390"]
[BlackElo "2154"]
[PlyCount "83"]
[EventDate "2010.01.26"]
[EventType "swiss"]
[EventRounds "10"]
[EventCountry "ENG"]
[Source "lmi"]
[SourceDate "2010.01.26"]

1. d4 d5 2. c4 c6 3. Nc3 Nf6 4. e3 e6 5. Nf3 Nbd7 6. Bd3 dxc4 7. Bxc4 b5 8. Bd3
Bd6 9. Qc2 Bb7 10. O-O O-O 11. a3 a6 12. e4 e5 13. b4 a5 14. Rb1 axb4 15. axb4
Qe7 16. Ne2 Bxb4 17. dxe5 Ng4 18. Bf4 c5 19. Bxb5 Ndxe5 20. Nxe5 Nxe5 21. Ng3
g6 22. Qb2 f6 23. h3 Kg7 24. Rfd1 Rfd8 25. f3 Bc6 26. Bf1 Qe6 27. Rxd8 Rxd8 28.
Nh1 Qd6 29. Be3 Ra8 30. Nf2 Ra3 31. Qe2 Qe6 32. Rc1 c4 33. Qb2 Rb3 34. Qe2 Bb5
35. Ra1 Ra3 36. Rb1 Qd6 37. f4 Nd3 38. e5 fxe5 39. fxe5 Qe7 40. e6 Nxf2 41.
Bxf2 Kg8 42. Qe5 1-0

[Event "Gibtelecom Festival 2010 - Masters"]
[Site "Gibraltar ENG"]
[Date "2010.01.30"]
[Round "5.38"]
[White "Cafolla, Peter"]
[Black "Degtiarev, Evgeny"]
[Result "0-1"]
[WhiteElo "2042"]
[BlackElo "2374"]
[PlyCount "62"]
[EventDate "2010.01.26"]
[EventType "swiss"]
[EventRounds "10"]
[EventCountry "ENG"]
[Source "lmi"]
[SourceDate "2010.01.26"]

1. d4 Nf6 2. c4 b6 3. Nf3 Bb7 4. Nc3 d5 5. Bg5 e6 6. a3 Be7 7. e3 O-O 8. Be2 h6
9. Bh4 Nbd7 10. O-O g5 11. Bg3 Nh5 12. Be5 Ng7 13. h3 Nxe5 14. Nxe5 dxc4 15.
Bxc4 Bd6 16. g4 c5 17. f4 gxf4 18. exf4 cxd4 19. Nb5 Rc8 20. Nxd6 Qxd6 21. Qd3
f6 22. Ng6 Rf7 23. Rac1 Qc6 24. Nh4 Qh1+ 25. Kf2 Qh2+ 26. Ke1 b5 27. Qg6 Rxc4
28. Rxc4 bxc4 29. Qxh6 d3 30. Rf2 Qg1+ 31. Rf1 Qe3+ 0-1

[Event "Gibtelecom Festival 2010 - Masters"]
[Site "Gibraltar ENG"]
[Date "2010.01.30"]
[Round "5.39"]
[White "Ogada-Osir, Ibrahim"]
[Black "Zaremba, Andrie"]
[Result "1/2-1/2"]
[WhiteElo "2104"]
[BlackElo "2360"]
[PlyCount "92"]
[EventDate "2010.01.26"]
[EventType "swiss"]
[EventRounds "10"]
[EventCountry "ENG"]
[Source "lmi"]
[SourceDate "2010.01.26"]

1. d4 d5 2. c4 c6 3. cxd5 cxd5 4. Nf3 Nc6 5. Nc3 Nf6 6. Bf4 e6 7. e3 Bd6 8.
Bxd6 Qxd6 9. Bd3 O-O 10. O-O a6 11. h3 b5 12. Rc1 Bb7 13. Bb1 Rac8 14. Qe2 g6
15. Rfd1 Rc7 16. Qd2 Rfc8 17. a3 Na5 18. Ba2 Nc4 19. Bxc4 dxc4 20. Ne5 Nd7 21.
f4 Qb6 22. Qc2 Kg7 23. Ne4 Bxe4 24. Qxe4 f6 25. Nxd7 Rxd7 26. Kf2 a5 27. Rd2 b4
28. Rdc2 Rdc7 29. axb4 axb4 30. g4 Qd6 31. f5 exf5 32. gxf5 c3 33. Rb1 b3 34.
Rxc3 Rxc3 35. bxc3 Rxc3 36. Qf4 Rc2+ 37. Kg3 Qc6 38. Qf3 Qc7+ 39. Qf4 Qc3 40.
Qe4 Re2 41. Kf3 Rh2 42. Qe7+ Kh6 43. Qxf6 Rxh3+ 44. Kg4 Rg3+ 45. Kxg3 Qxe3+ 46.
Kg2 Qe2+ 1/2-1/2

[Event "Gibtelecom Festival 2010 - Masters"]
[Site "Gibraltar ENG"]
[Date "2010.01.30"]
[Round "5.42"]
[White "Dittmar, Peter"]
[Black "Frey, Matthias"]
[Result "1-0"]
[WhiteElo "2341"]
[BlackElo "1907"]
[PlyCount "29"]
[EventDate "2010.01.26"]
[EventType "swiss"]
[EventRounds "10"]
[EventCountry "ENG"]
[Source "lmi"]
[SourceDate "2010.01.26"]

1. c4 Nf6 2. g3 e5 3. Bg2 Bc5 4. Nc3 Nc6 5. e3 d6 6. Nge2 O-O 7. O-O Bf5 8. d4
exd4 9. exd4 Bb6 10. a3 a5 11. Bg5 Bg4 12. f3 Be6 13. c5 Ba7 14. d5 Bxc5+ 15.
Kh1 1-0

[Event "Gibtelecom Festival 2010 - Masters"]
[Site "Gibraltar ENG"]
[Date "2010.01.30"]
[Round "5.43"]
[White "Wantiez, Fabrice"]
[Black "Mortensen, Henrik"]
[Result "1-0"]
[WhiteElo "2315"]
[BlackElo "2015"]
[PlyCount "43"]
[EventDate "2010.01.26"]
[EventType "swiss"]
[EventRounds "10"]
[EventCountry "ENG"]
[Source "lmi"]
[SourceDate "2010.01.26"]

1. e4 d5 2. exd5 Qxd5 3. Nc3 Qa5 4. d4 c6 5. Nf3 Nf6 6. Bc4 Bf5 7. Bd2 e6 8.
Nd5 Qd8 9. Nxf6+ gxf6 10. c3 Nd7 11. Nh4 Bg6 12. Qf3 Qb6 13. O-O Be7 14. Rfe1
f5 15. Bxe6 fxe6 16. Rxe6 Qxb2 17. Rae1 Qxd2 18. Rxe7+ Kd8 19. Nxg6 hxg6 20.
Qg3 f4 21. Qg4 Nf6 22. Qe6 1-0

[Event "Gibtelecom Festival 2010 - Masters"]
[Site "Gibraltar ENG"]
[Date "2010.01.30"]
[Round "5.45"]
[White "Nezad, Husein Aziz"]
[Black "Nilsen, Joachim Birger"]
[Result "1-0"]
[WhiteElo "2408"]
[BlackElo "2152"]
[PlyCount "75"]
[EventDate "2010.01.26"]
[EventType "swiss"]
[EventRounds "10"]
[EventCountry "ENG"]
[Source "lmi"]
[SourceDate "2010.01.26"]

1. e4 c5 2. Nf3 d6 3. Bc4 Nc6 4. c3 Nf6 5. d3 g6 6. h3 Bg7 7. O-O O-O 8. Bb3 e5
9. Re1 h6 10. Nbd2 d5 11. exd5 Nxd5 12. Ne4 b6 13. Bxh6 Nxc3 14. bxc3 Bxh6 15.
Bd5 Bb7 16. Nxe5 Nxe5 17. Bxb7 Rb8 18. Bd5 Bg7 19. Qb3 Nd7 20. Qc2 Ne5 21. Qb3
Nd7 22. a4 a6 23. Rac1 Nf6 24. Bc4 Nxe4 25. dxe4 Be5 26. Bxa6 Qf6 27. Bc4 Kg7
28. Re3 Qf4 29. g3 Qh6 30. Kg2 g5 31. Rh1 Qg6 32. Bd5 Rbc8 33. Rf3 c4 34. Qb5
Rc5 35. Qd7 Rc7 36. Qg4 f6 37. Rb1 Rb8 38. Rb5 1-0

[Event "Gibtelecom Festival 2010 - Masters"]
[Site "Gibraltar ENG"]
[Date "2010.01.30"]
[Round "5.47"]
[White "Arnott, Jonathan W"]
[Black "Daoudi, Kamal"]
[Result "1-0"]
[WhiteElo "2154"]
[BlackElo "2155"]
[PlyCount "63"]
[EventDate "2010.01.26"]
[EventType "swiss"]
[EventRounds "10"]
[EventCountry "ENG"]
[Source "lmi"]
[SourceDate "2010.01.26"]

1. e4 e5 2. Nf3 Nc6 3. d4 exd4 4. Bc4 Nf6 5. e5 d5 6. Bb5 Ne4 7. Nxd4 Bd7 8.
Bxc6 bxc6 9. O-O c5 10. Ne2 c6 11. f3 Ng5 12. f4 Ne4 13. Nd2 Nxd2 14. Qxd2 c4
15. f5 g6 16. e6 Bc5+ 17. Kh1 fxe6 18. fxe6 Bxe6 19. Nd4 Bd7 20. Re1+ Be7 21.
Qh6 Kf7 22. Rf1+ Kg8 23. Bd2 c5 24. Qf4 Be8 25. Nc6 Qd6 26. Nxe7+ Qxe7 27. Rae1
Qg7 28. Qd6 Bf7 29. Qxc5 Qxb2 30. Rxf7 Kxf7 31. Re7+ Kf6 32. Qd6+ 1-0

[Event "Gibtelecom Festival 2010 - Masters"]
[Site "Gibraltar ENG"]
[Date "2010.01.30"]
[Round "5.48"]
[White "Dworakowska, Joanna"]
[Black "Weber, Francois"]
[Result "0-1"]
[WhiteElo "2374"]
[BlackElo "2149"]
[PlyCount "127"]
[EventDate "2010.01.26"]
[EventType "swiss"]
[EventRounds "10"]
[EventCountry "ENG"]
[Source "lmi"]
[SourceDate "2010.01.26"]

1. e4 e5 2. Nf3 Nc6 3. Bb5 f5 4. Nc3 fxe4 5. Nxe4 d5 6. Nxe5 dxe4 7. Nxc6 Qg5
8. Qe2 Nf6 9. f4 Qxf4 10. Ne5+ c6 11. d4 Qh4+ 12. g3 Qh3 13. Bc4 Be6 14. Bf4
Bd6 15. O-O-O b5 16. Bb3 Rc8 17. Kb1 O-O 18. Qf1 Qf5 19. Bc1 Nd5 20. Qxf5 Rxf5
21. Rhe1 Bxe5 22. Rxe4 a5 23. dxe5 a4 24. Bxd5 Bxd5 25. Ree1 Re8 26. e6 Bxe6
27. Rd6 Bxa2+ 28. Kxa2 Rxe1 29. Bf4 Rf6 30. Rd8+ Rf8 31. Rd6 Rc8 32. h4 Kf7 33.
b3 Re4 34. bxa4 Rxa4+ 35. Kb3 Re4 36. Kc3 h6 37. Kd3 Re6 38. Rd7+ Re7 39. Rd6
Ke8 40. Kc3 Rd7 41. Re6+ Kf7 42. Re1 Re8 43. Ra1 Re4 44. Ra8 Rd5 45. Ra7+ Kf6
46. Bc1 g5 47. h5 Kf5 48. Rf7+ Kg4 49. Rf6 Kxh5 50. Rxc6 Kg4 51. Rxh6 Kxg3 52.
Ba3 Re3+ 53. Kb2 Re2 54. Bd6+ Kg4 55. Kb3 Re4 56. c3 Rc4 57. Bf8 Kf5 58. Rb6
Re4 59. Bg7 g4 60. Rf6+ Kg5 61. Rf2 Rf5 62. Ra2 Kf4 63. Bf8 Kf3 64. Bd6 0-1

[Event "Gibtelecom Festival 2010 - Masters"]
[Site "Gibraltar ENG"]
[Date "2010.01.30"]
[Round "5.49"]
[White "Solomon, Kenny"]
[Black "Thingstad, Even"]
[Result "1-0"]
[WhiteElo "2368"]
[BlackElo "2141"]
[PlyCount "99"]
[EventDate "2010.01.26"]
[EventType "swiss"]
[EventRounds "10"]
[EventCountry "ENG"]
[Source "lmi"]
[SourceDate "2010.01.26"]

1. Nf3 Nf6 2. g3 d5 3. Bg2 c6 4. O-O Bg4 5. d3 Nbd7 6. h3 Bh5 7. Qe1 e5 8. e4
Qc7 9. Nbd2 Bc5 10. exd5 Nxd5 11. a3 O-O 12. c4 N5f6 13. b4 Bd4 14. Nxd4 exd4
15. Nb3 Ne5 16. Bf4 Rfe8 17. Qd2 Qd8 18. g4 Nfxg4 19. hxg4 Bxg4 20. Bxe5 Rxe5
21. Rfe1 Rh5 22. Qf4 Bh3 23. Bxh3 Rxh3 24. Nxd4 Rxd3 25. Nf5 g6 26. Nh6+ Kg7
27. Nxf7 Qf8 28. Qe4 Rb3 29. Ng5 Qf6 30. Qh4 h5 31. Ne6+ Kf7 32. Qxf6+ Kxf6 33.
Nc5 Rf3 34. Nxb7 h4 35. Kg2 Rf4 36. Na5 Kg5 37. Re3 Raf8 38. Ra2 R8f6 39. f3
Rd4 40. Rae2 Kh5 41. c5 g5 42. Nb3 Rd1 43. Nd2 Rf4 44. Re5 Ra1 45. R5e3 Rd1 46.
Ne4 Rf8 47. Rd2 Rc1 48. Nf2 Rf6 49. Ng4 Rg6 50. Re7 1-0

[Event "Gibtelecom Festival 2010 - Masters"]
[Site "Gibraltar ENG"]
[Date "2010.01.30"]
[Round "5.50"]
[White "Calzetta Ruiz, Monica"]
[Black "Aerni, Andi"]
[Result "1-0"]
[WhiteElo "2359"]
[BlackElo "2137"]
[PlyCount "57"]
[EventDate "2010.01.26"]
[EventType "swiss"]
[EventRounds "10"]
[EventCountry "ENG"]
[Source "lmi"]
[SourceDate "2010.01.26"]

1. e4 d5 2. exd5 Qxd5 3. Nf3 Bg4 4. Be2 Nc6 5. h3 Bxf3 6. Bxf3 Qe5+ 7. Qe2
Qxe2+ 8. Bxe2 O-O-O 9. c3 e5 10. d3 Nge7 11. Nd2 Nd5 12. Nb3 f5 13. O-O Be7 14.
a4 Nf6 15. a5 a6 16. Re1 Rhe8 17. Be3 h6 18. Bc5 Rd5 19. Bxe7 Rxe7 20. Ra3 e4
21. d4 f4 22. Bc4 Rg5 23. Nc5 f3 24. g3 e3 25. Be6+ Kb8 26. Rxe3 Nd8 27. c4
Rxc5 28. dxc5 Rxe6 29. Rad3 1-0

[Event "Gibtelecom Festival 2010 - Masters"]
[Site "Gibraltar ENG"]
[Date "2010.01.30"]
[Round "5.51"]
[White "Lovik, Lasse Ostebo"]
[Black "Andersson, Lars"]
[Result "1-0"]
[WhiteElo "2343"]
[BlackElo "2132"]
[PlyCount "117"]
[EventDate "2010.01.26"]
[EventType "swiss"]
[EventRounds "10"]
[EventCountry "ENG"]
[Source "lmi"]
[SourceDate "2010.01.26"]

1. e4 d6 2. d4 Nf6 3. Nc3 g6 4. Be2 Bg7 5. g4 h5 6. g5 Nfd7 7. Be3 c5 8. Nf3
Nc6 9. d5 Nce5 10. Nxe5 Nxe5 11. f4 Nd7 12. Qd2 Qa5 13. O-O Qb4 14. a3 Bxc3 15.
axb4 Bxd2 16. Bxd2 cxb4 17. Bxb4 Nc5 18. e5 O-O 19. Bxc5 dxc5 20. Bd3 Kg7 21.
Be4 Bg4 22. Ra3 Rfd8 23. Rfa1 a6 24. Rb3 Rd7 25. Rb6 Rc8 26. c4 Rf8 27. Ra5 Rc8
28. Kf2 Rcc7 29. Ra3 Rd8 30. Rab3 Bd1 31. Ra3 Bg4 32. h3 Bc8 33. Rab3 Rf8 34.
Kg3 h4+ 35. Kg2 Rh8 36. Bf3 f5 37. gxf6+ exf6 38. d6 Rf7 39. Bd5 fxe5 40. Bxf7
Kxf7 41. fxe5 Rh5 42. Re3 Rg5+ 43. Kf3 Ke6 44. Kf4 Rg1 45. Ke4 Bd7 46. Kd3 Bc6
47. b4 g5 48. b5 axb5 49. cxb5 Bg2 50. Ke2 Rb1 51. d7+ Kxd7 52. Rg6 Rb2+ 53.
Ke1 Ke7 54. e6 Bd5 55. Rg7+ Ke8 56. e7 Rxb5 57. Rh7 Bc6 58. Rd3 Bd7 59. Rf3 1-0

[Event "Gibtelecom Festival 2010 - Masters"]
[Site "Gibraltar ENG"]
[Date "2010.01.30"]
[Round "5.52"]
[White "Vinas Guerrero, Carlos A"]
[Black "Reizniece, Dana"]
[Result "0-1"]
[WhiteElo "2120"]
[BlackElo "2341"]
[PlyCount "50"]
[EventDate "2010.01.26"]
[EventType "swiss"]
[EventRounds "10"]
[EventCountry "ENG"]
[Source "lmi"]
[SourceDate "2010.01.26"]

1. e4 c5 2. Nc3 Nc6 3. f4 g6 4. Nf3 Bg7 5. Bb5 Nd4 6. Nxd4 cxd4 7. Ne2 e6 8. c3
dxc3 9. dxc3 Ne7 10. Qd6 O-O 11. O-O f5 12. e5 g5 13. g3 Nd5 14. c4 Re8 15. Qa3
Bf8 16. Qb3 Bc5+ 17. Kg2 Nb6 18. h3 a6 19. Ba4 Qc7 20. Kh2 Nxa4 21. Qxa4 b5 22.
cxb5 Bb7 23. fxg5 axb5 24. Qb3 Qc6 25. Nf4 Ra4 0-1

[Event "Gibtelecom Festival 2010 - Masters"]
[Site "Gibraltar ENG"]
[Date "2010.01.30"]
[Round "5.53"]
[White "Fegan, Chris"]
[Black "Andre, Gordon"]
[Result "0-1"]
[WhiteElo "2093"]
[BlackElo "2308"]
[PlyCount "86"]
[EventDate "2010.01.26"]
[EventType "swiss"]
[EventRounds "10"]
[EventCountry "ENG"]
[Source "lmi"]
[SourceDate "2010.01.26"]

1. d4 g6 2. e4 Bg7 3. Nf3 d6 4. Be2 Nd7 5. O-O e5 6. Bg5 f6 7. Bh4 Ne7 8. dxe5
fxe5 9. Bc4 h6 10. Nc3 Nf6 11. h3 g5 12. Bxg5 hxg5 13. Nxg5 Rf8 14. Nh7 Ng6 15.
Nxf8 Kxf8 16. Qf3 Ke7 17. Qg3 Qe8 18. f4 exf4 19. Rxf4 Be6 20. Bxe6 Nxf4 21.
Bb3 N6h5 22. Qg5+ Bf6 23. Nd5+ Nxd5 24. Qxd5 Nf4 25. Qxb7 Qb8 26. Qxb8 Rxb8 27.
c3 a5 28. g3 Nxh3+ 29. Kg2 Ng5 30. Rb1 Be5 31. Bc2 Rf8 32. Rd1 Rb8 33. Rb1 c5
34. Bd3 Rf8 35. b4 Rf3 36. bxc5 Rxg3+ 37. Kf2 Rxd3 38. Rb7+ Ke6 39. Rb5 Nxe4+
40. Ke2 Nxc3+ 41. Kxd3 Nxb5 42. Kc4 Na3+ 43. Kb3 dxc5 0-1

[Event "Gibtelecom Festival 2010 - Masters"]
[Site "Gibraltar ENG"]
[Date "2010.01.30"]
[Round "5.56"]
[White "Lumsdon, Andrew"]
[Black "Avalos Parra, Joao"]
[Result "0-1"]
[WhiteElo "2090"]
[BlackElo "2245"]
[PlyCount "62"]
[EventDate "2010.01.26"]
[EventType "swiss"]
[EventRounds "10"]
[EventCountry "ENG"]
[Source "lmi"]
[SourceDate "2010.01.26"]

1. d4 c5 2. dxc5 Nf6 3. Nf3 g6 4. b4 a5 5. c3 Bg7 6. Bb2 b6 7. b5 bxc5 8. c4
Bb7 9. Nbd2 O-O 10. Qc2 d5 11. e3 Nbd7 12. Be2 e5 13. cxd5 Nxd5 14. a3 Re8 15.
Nc4 Qe7 16. e4 Nf4 17. O-O f5 18. exf5 e4 19. Ne1 gxf5 20. Ne3 Bxb2 21. Bc4+
Kh8 22. Qxb2+ Qe5 23. Qxe5+ Nxe5 24. Rc1 Nfd3 25. Rc3 f4 26. Nd5 Nxc4 27. Nc7
Nd2 28. Nxe8 Rxe8 29. Nxd3 exd3 30. Rd1 c4 31. h3 Re2 0-1

[Event "Gibtelecom Festival 2010 - Masters"]
[Site "Gibraltar ENG"]
[Date "2010.01.30"]
[Round "5.57"]
[White "Hartvig, Ove Weiss"]
[Black "Flermoen, Peter"]
[Result "1-0"]
[WhiteElo "2245"]
[BlackElo "2108"]
[PlyCount "61"]
[EventDate "2010.01.26"]
[EventType "swiss"]
[EventRounds "10"]
[EventCountry "ENG"]
[Source "lmi"]
[SourceDate "2010.01.26"]

1. e4 c5 2. Nf3 Nc6 3. d4 cxd4 4. Nxd4 g6 5. Nc3 Bg7 6. Be3 Nf6 7. Bc4 d6 8. f3
Qb6 9. Ncb5 Nxd4 10. Bxd4 Qc6 11. Qd3 a6 12. Nc3 O-O 13. O-O-O Be6 14. Bxe6
fxe6 15. h4 b5 16. Ne2 Rad8 17. g4 d5 18. e5 Nd7 19. Qe3 Rc8 20. Rd2 Qc7 21. f4
Nc5 22. Ng3 b4 23. Kb1 Qa5 24. b3 Rc6 25. h5 Qb5 26. hxg6 hxg6 27. Rdh2 Rf7 28.
f5 exf5 29. gxf5 gxf5 30. Qg5 Rf8 31. e6 1-0

[Event "Gibtelecom Festival 2010 - Masters"]
[Site "Gibraltar ENG"]
[Date "2010.01.30"]
[Round "5.59"]
[White "Marchand, Francois"]
[Black "Allor, Chukwuka"]
[Result "1-0"]
[WhiteElo "2244"]
[BlackElo "2100"]
[PlyCount "143"]
[EventDate "2010.01.26"]
[EventType "swiss"]
[EventRounds "10"]
[EventCountry "ENG"]
[Source "lmi"]
[SourceDate "2010.01.26"]

1. d4 Nf6 2. c4 g6 3. Nc3 d5 4. Nf3 Bg7 5. Qb3 dxc4 6. Qxc4 O-O 7. e4 Nc6 8.
Be2 Bg4 9. d5 Bxf3 10. gxf3 Na5 11. Qd3 c6 12. b4 cxd5 13. bxa5 Nd7 14. exd5
Nc5 15. Qc4 Na4 16. Nxa4 Bxa1 17. Bd2 Rc8 18. Qb3 Qd7 19. Be3 Qc7 20. O-O Be5
21. Nc5 Bxh2+ 22. Kg2 Bf4 23. Nxb7 Bxe3 24. fxe3 Qe5 25. f4 Qe4+ 26. Rf3 Qc2
27. Qxc2 Rxc2 28. Rf2 Rfc8 29. e4 Kf8 30. e5 f5 31. d6 exd6 32. exd6 Ke8 33.
Bd1 Rxf2+ 34. Kxf2 Rc4 35. Be2 Rxf4+ 36. Kg3 Rb4 37. a6 Rd4 38. Bb5+ Kf7 39. d7
Ke7 40. d8=Q+ Rxd8 41. Nxd8 Kxd8 42. Kf4 Kc7 43. Kg5 Kd6 44. Bc4 Ke5 45. Bg8 h5
46. Bf7 h4 47. Kxh4 Kf6 48. Be8 g5+ 49. Kg3 Ke7 50. Bc6 Kd6 51. Ba8 Ke5 52. Kf3
Kd4 53. Bb7 Ke5 54. Bc8 Kf6 55. Ke3 Ke5 56. Bd7 g4 57. Bc8 f4+ 58. Kf2 g3+ 59.
Kf3 Kf6 60. Bb7 Kf5 61. Bc8+ Kf6 62. Bh3 Kg5 63. Bg2 Kf5 64. Bh3+ Kg5 65. Ke4
Kh4 66. Bg2 Kg4 67. a3 Kg5 68. Bf3 Kh4 69. Kxf4 Kh3 70. Ke5 g2 71. Bxg2+ Kxg2
72. Kd6 1-0

[Event "Gibtelecom Festival 2010 - Masters"]
[Site "Gibraltar ENG"]
[Date "2010.01.30"]
[Round "5.60"]
[White "Nadig, Kruttika"]
[Black "Freuler, Roman"]
[Result "0-1"]
[WhiteElo "2240"]
[BlackElo "2082"]
[PlyCount "74"]
[EventDate "2010.01.26"]
[EventType "swiss"]
[EventRounds "10"]
[EventCountry "ENG"]
[Source "lmi"]
[SourceDate "2010.01.26"]

1. e4 c5 2. Nf3 d6 3. d4 cxd4 4. Nxd4 Nf6 5. Nc3 g6 6. Be3 Bg7 7. f3 O-O 8. Bc4
Nc6 9. Qd2 Bd7 10. O-O-O Qa5 11. Kb1 Rfc8 12. Bb3 Ne5 13. h4 b5 14. Ncxb5 Qxd2
15. Rxd2 Rab8 16. a4 a6 17. Na3 Be8 18. Ka2 Nfd7 19. Ne2 Nc5 20. Bxc5 dxc5 21.
c3 h5 22. Rf1 c4 23. Bc2 Rc7 24. f4 Ng4 25. Rf3 e5 26. b4 cxb3+ 27. Bxb3 exf4
28. Nxf4 Ne5 29. Rg3 Kh7 30. Nd5 Rcb7 31. Bd1 Nd7 32. a5 Nc5 33. Re2 Bb5 34. c4
Ba4 35. Nc2 Bb3+ 36. Rxb3 Nxb3 37. Re3 Nxa5 0-1

[Event "Gibtelecom Festival 2010 - Masters"]
[Site "Gibraltar ENG"]
[Date "2010.01.30"]
[Round "5.61"]
[White "Al-Tamimi, Hamad"]
[Black "Pienabarca, Nicola"]
[Result "1-0"]
[WhiteElo "2238"]
[BlackElo "2071"]
[PlyCount "39"]
[EventDate "2010.01.26"]
[EventType "swiss"]
[EventRounds "10"]
[EventCountry "ENG"]
[Source "lmi"]
[SourceDate "2010.01.26"]

1. e4 e5 2. Nf3 Nc6 3. Nc3 Nf6 4. Bb5 Bb4 5. O-O O-O 6. d3 Bxc3 7. bxc3 d6 8.
Bg5 Ne7 9. Nh4 Ng6 10. Nxg6 fxg6 11. Bc4+ Kh8 12. f4 Qe8 13. Qd2 exf4 14. Rxf4
h6 15. Bxf6 gxf6 16. Rxf6 Kg7 17. Rxf8 Kxf8 18. Qxh6+ Ke7 19. Qg7+ Kd8 20. Rf1
1-0

[Event "Gibtelecom Festival 2010 - Masters"]
[Site "Gibraltar ENG"]
[Date "2010.01.30"]
[Round "5.62"]
[White "Nuri, Kambez"]
[Black "Compton, Alistair"]
[Result "1/2-1/2"]
[WhiteElo "2235"]
[BlackElo "2066"]
[PlyCount "63"]
[EventDate "2010.01.26"]
[EventType "swiss"]
[EventRounds "10"]
[EventCountry "ENG"]
[Source "lmi"]
[SourceDate "2010.01.26"]

1. g3 d5 2. Bg2 e5 3. d3 Nf6 4. Nc3 Be7 5. e4 dxe4 6. Nxe4 Nxe4 7. Bxe4 O-O 8.
Ne2 c6 9. Be3 Be6 10. f4 f5 11. Bg2 Bd5 12. Bxd5+ Qxd5 13. O-O Nd7 14. Qd2 Rad8
15. Rae1 Bf6 16. a3 c5 17. Nc3 Qc6 18. Qg2 e4 19. Nd1 Rfe8 20. dxe4 fxe4 21. g4
Nb6 22. c3 Bh4 23. Re2 Qa4 24. Nf2 Qc4 25. Nh3 Rd3 26. Nf2 Nd5 27. Bc1 Bxf2+
28. Qxf2 Rf8 29. Be3 b6 30. h3 Rd8 31. Rfe1 Re8 32. f5 1/2-1/2

[Event "Gibtelecom Festival 2010 - Masters"]
[Site "Gibraltar ENG"]
[Date "2010.01.30"]
[Round "5.64"]
[White "Chapman, Terry P D"]
[Black "Flores Chico, Jorge"]
[Result "1-0"]
[WhiteElo "2221"]
[BlackElo "2052"]
[PlyCount "91"]
[EventDate "2010.01.26"]
[EventType "swiss"]
[EventRounds "10"]
[EventCountry "ENG"]
[Source "lmi"]
[SourceDate "2010.01.26"]

1. e4 e6 2. d3 Nc6 3. Nf3 e5 4. Be2 f5 5. exf5 d5 6. g4 h5 7. g5 h4 8. Nxh4
Rxh4 9. Bh5+ Kd7 10. Bf7 Bc5 11. Bxd5 Ke7 12. Be4 Bxf5 13. Nc3 Bxe4 14. Nxe4
Rxe4+ 15. dxe4 Qxd1+ 16. Kxd1 Bxf2 17. c3 Ke6 18. h4 Bg3 19. Ke2 Bf4 20. h5
Nge7 21. Be3 Bxe3 22. Kxe3 Rh8 23. Raf1 Ng8 24. Rf8 Nce7 25. Rb8 b6 26. Rb7 Kd6
27. Rxa7 Nc8 28. Ra8 Nge7 29. h6 g6 30. b4 Kc6 31. c4 Kb7 32. Ra3 Nd6 33. Rc3
b5 34. cxb5 Nxb5 35. Rc5 Kb6 36. Rxe5 Nc6 37. Re6 Kb7 38. Rxg6 Nd6 39. h7 Ne7
40. Re6 Nc6 41. g6 Nc4+ 42. Kf2 Nd4 43. g7 Ra8 44. g8=Q Rxa2+ 45. Kg3 Ra3+ 46.
Kh4 1-0

[Event "Gibtelecom Festival 2010 - Masters"]
[Site "Gibraltar ENG"]
[Date "2010.01.30"]
[Round "5.65"]
[White "Tate, Alan"]
[Black "Hamer, Martyn"]
[Result "1-0"]
[WhiteElo "2211"]
[BlackElo "2039"]
[PlyCount "67"]
[EventDate "2010.01.26"]
[EventType "swiss"]
[EventRounds "10"]
[EventCountry "ENG"]
[Source "lmi"]
[SourceDate "2010.01.26"]

1. Nf3 Nf6 2. c4 e6 3. g3 d5 4. Bg2 Be7 5. O-O O-O 6. b3 c5 7. Bb2 Nc6 8. cxd5
exd5 9. d4 Be6 10. Nc3 Rc8 11. Rc1 cxd4 12. Nxd4 Nxd4 13. Qxd4 Bc5 14. Qd3 Qe7
15. Nb5 Rfd8 16. Nd4 Bg4 17. e3 Ba3 18. Qb1 h5 19. Rxc8 Rxc8 20. Rc1 Rxc1+ 21.
Qxc1 Bxb2 22. Qxb2 h4 23. h3 Bd7 24. gxh4 Ne4 25. Nf3 Qc5 26. Ne5 Be6 27. Nd3
Qa5 28. a3 f6 29. Qc1 Kh7 30. b4 Qa4 31. Nf4 Bg8 32. Bf3 Qd7 33. Qd1 f5 34.
Bxe4 1-0

[Event "Gibtelecom Festival 2010 - Masters"]
[Site "Gibraltar ENG"]
[Date "2010.01.30"]
[Round "5.66"]
[White "Weeramantry, Sunil"]
[Black "Jacobsen, Fredrik Beer"]
[Result "0-1"]
[WhiteElo "2201"]
[BlackElo "1952"]
[PlyCount "74"]
[EventDate "2010.01.26"]
[EventType "swiss"]
[EventRounds "10"]
[EventCountry "ENG"]
[Source "lmi"]
[SourceDate "2010.01.26"]

1. e4 e5 2. Nf3 Nc6 3. d4 exd4 4. Bc4 Bc5 5. O-O Nf6 6. e5 d5 7. exf6 dxc4 8.
Re1+ Be6 9. Ng5 Qd5 10. Nc3 Qf5 11. g4 Qg6 12. Nce4 Bb6 13. f4 d3+ 14. Kh1 Bd5
15. f5 Qxf6 16. Nf3 Bxe4 17. Rxe4+ Kd7 18. Rxc4 Qd6 19. Bf4 Qd5 20. Qxd3 Qxd3
21. cxd3 Rhe8 22. Re4 f6 23. Rae1 Rxe4 24. dxe4 Re8 25. Kg2 Kc8 26. Bd2 Nd4 27.
Bc3 Nc2 28. Re2 Ne3+ 29. Kh3 Rxe4 30. g5 Rf4 31. Nd4 Bxd4 32. Bxd4 Rf3+ 33. Kh4
Nxf5+ 34. Kg4 Nxd4 35. Re7 f5+ 36. Kh4 g6 37. Rxh7 Ne6 0-1

[Event "Gibtelecom Festival 2010 - Masters"]
[Site "Gibraltar ENG"]
[Date "2010.01.30"]
[Round "5.67"]
[White "Haraldsson, Leif"]
[Black "Ivanov, Stojan Emilov"]
[Result "0-1"]
[WhiteElo "2050"]
[BlackElo "2198"]
[PlyCount "76"]
[EventDate "2010.01.26"]
[EventType "swiss"]
[EventRounds "10"]
[EventCountry "ENG"]
[Source "lmi"]
[SourceDate "2010.01.26"]

1. f4 d5 2. Nf3 c5 3. g3 Nc6 4. Bg2 g6 5. d3 Bg7 6. O-O Nf6 7. c3 O-O 8. Qc2
Bf5 9. Nh4 Bg4 10. h3 Bc8 11. e4 dxe4 12. dxe4 e5 13. f5 Nh5 14. Kh2 Bf6 15.
Nf3 Kh8 16. Na3 Qe7 17. Nc4 gxf5 18. exf5 e4 19. Ng1 Qc7 20. Qf2 b5 21. Bxe4
bxc4 22. Qf3 Nxg3 23. Qxg3 Qxg3+ 24. Kxg3 Bd7 25. Bf4 Rae8 26. Rae1 Ne5 27. Re3
Nd3 28. Bh6 Rg8+ 29. Kf3 Ne5+ 30. Ke2 Rb8 31. Rb1 a5 32. Bf4 a4 33. a3 Rb6 34.
Kd2 Nd3 35. Ne2 Nxf4 36. Nxf4 Bg5 37. Rf3 Re8 38. Re1 Rd6+ 0-1